[Event "European Ind w Rapid 2012"]
[Site "Gaziantep TUR"]
[Date "2012.03.15"]
[Round "6"]
[White "Hoang Thanh Trang"]
[Black "Kovanova,B"]
[Result "0-1"]
[WhiteElo "2438"]
[BlackElo "2392"]

1.d4 Nf6 2.Bg5 e6 3.e4 h6 4.Bxf6 Qxf6 5.c3 d6 6.Bd3 e5 7.Ne2 Nc6 8.O-O Be7
9.d5 Nb8 10.f4 O-O 11.Nd2 Bg4 12.Qb3 Nd7 13.fxe5 Qg5 14.Nc4 Nc5 15.Qc2 b5
16.h4 Qxh4 17.Ne3 Nxd3 18.Nxg4 Nxe5 19.Nxe5 dxe5 20.b4 c6 21.Rad1 Bd8 22.g3 Qh3
23.Kf2 f5 24.Ke1 f4 25.Qd3 f3 26.Ng1 Qxg3+ 27.Kd2 Qg2+ 28.Kc1 Qxa2 29.Nxf3 Rxf3
30.Rxf3 Bg5+ 31.Re3 Qf2 32.dxc6 Qxe3+ 33.Kc2 Qxd3+ 34.Rxd3 Rc8 35.Rd6 Rc7
36.c4 Be7 37.Re6 Kf7 38.Rxe5 Rxc6 39.c5 a5 40.Kb3 axb4 41.Kxb4 Rxc5 42.Rxc5 Bxc5+
43.Kxc5 Ke6  0-1

[Event "TCh-AUT 2 Ost 2011-12"]
[Site "Vienna AUT"]
[Date "2012.03.17"]
[Round "8"]
[White "Stangler,P"]
[Black "Todor,R"]
[Result "0-1"]
[WhiteElo "1968"]
[BlackElo "2199"]

1.d4 Nf6 2.Bg5 e6 3.e4 h6 4.Bxf6 Qxf6 5.Nf3 d6 6.e5 Qd8 7.Bd3 b6 8.Nbd2 Bb7
9.Qe2 Be7 10.c3 a6 11.O-O d5 12.a3 c5 13.Kh1 Nc6 14.b4 Qc7 15.Rfb1 Nd8 16.Ra2 g6
17.Bc2 Bc6 18.a4 Bd7 19.Bd3 c4 20.Bc2 Kf8 21.Rf1 Kg7 22.Ng1 Nc6 23.Nb1 f6
24.exf6+ Bxf6 25.Qg4 Ne7 26.f4 e5 27.f5 e4 28.Qe2 Bxf5 29.g4 Be6 30.Bd1 Raf8
31.Qg2 Bh4 32.Rxf8 Rxf8 33.a5 b5 34.Re2 Qf4 35.Rc2 Qe3 36.Nd2 Qd3 37.Qh3 Bg5
38.Qg2 e3  0-1

[Event "ch-VIE Men 2012"]
[Site "Can Tho VIE"]
[Date "2012.03.19"]
[Round "2"]
[White "Duong The Anh"]
[Black "Nguyen Anh Dung"]
[Result "1/2-1/2"]
[WhiteElo "2373"]
[BlackElo "2439"]

1.d4 Nf6 2.Bg5 e6 3.e4 h6 4.Bxf6 Qxf6 5.Nc3 d6 6.Qd2 c6 7.Nf3 e5 8.Be2 Be7
9.O-O O-O 10.Rad1 Nd7 11.d5 Qg6 12.b4 Nf6 13.Qe3 Nh5 14.Rfe1 Nf4 15.Bf1 Bg4
16.Ne2 Nh3+ 17.Kh1 Bxf3 18.gxf3 Bg5 19.f4 Nxf4 20.Nxf4 Bxf4 21.Qh3 a5 22.dxc6 bxc6
23.b5 d5 24.Qg2 Qd6 25.exd5 cxb5 26.Bxb5 Rac8 27.c4 Rc5 28.Rg1 g6 29.Qf3 Rfc8
30.Qd3 Kg7 31.Rg2 R8c7 32.Rdg1 Re7 33.f3 h5 34.a4 Kh6 35.Qc3 Ra7  1/2-1/2

[Event "ch-VIE Men 2012"]
[Site "Can Tho VIE"]
[Date "2012.03.21"]
[Round "4"]
[White "Nguyen Van Hai"]
[Black "Nguyen,Hai Quan"]
[Result "1/2-1/2"]
[WhiteElo "2311"]
[BlackElo "2090"]

1.d4 Nf6 2.Bg5 e6 3.e4 h6 4.Bxf6 Qxf6 5.c3 c5 6.Nf3 cxd4 7.cxd4 Bb4+ 8.Nc3 O-O
9.a3 Bxc3+ 10.bxc3 b6 11.Bd3 Bb7 12.O-O d6 13.e5 Bxf3 14.gxf3 Qf4 15.Re1 d5
16.Kh1 Nd7 17.a4 Rfc8 18.Re3 Rc7 19.a5 Rb8 20.Qa4 g6 21.Qb4 bxa5 22.Qd6 Rcb7
23.Rg1 Qh4 24.Bxg6 Kh8 25.Rg3 fxg6 26.Qxe6 Nf8 27.Qxd5 Rb2 28.Re4 Qe7 29.e6 a4
30.Qe5+ Kh7 31.d5 a3 32.d6 Qxe6 33.Qf4 g5 34.Qe3 a2 35.Rxe6 a1=Q+ 36.Kg2 Nxe6
37.Qe4+ Kg7 38.Qe5+ Kf7 39.Qf5+ Kg7 40.Qe5+ Kh7 41.Qf5+ Kg7 42.Qe5+ Kf7 43.Qf5+  1/2-1/2

[Event "ch-VIE Men 2012"]
[Site "Can Tho VIE"]
[Date "2012.03.21"]
[Round "4"]
[White "Duong The Anh"]
[Black "Le,Cong Cuong"]
[Result "1-0"]
[WhiteElo "2373"]
[BlackElo "2039"]

1.d4 Nf6 2.Bg5 e6 3.e4 Be7 4.Bd3 d6 5.Nf3 Nbd7 6.O-O e5 7.c3 h6 8.Bh4 exd4
9.cxd4 O-O 10.Nc3 Nb6 11.Nd2 Bg4 12.f3 Bh5 13.a4 a6 14.Bf2 Ne8 15.Qb3 Bg5
16.Rad1 Bxd2 17.Rxd2 Rb8 18.Be3 Kh8 19.a5 Nd7 20.Nd5 Bg6 21.f4 c6 22.Nb6 Nxb6
23.axb6 Nf6 24.f5 Bh7 25.Re2 Nd7 26.Bf4 Nxb6 27.Qa3 Nc8 28.e5 dxe5 29.Bxe5 Ra8
30.f6 g6 31.Qe7 Na7 32.Bc4 Bg8 33.Qxb7 Nb5 34.Bxb5 cxb5 35.Rc2 g5 36.Rc7 Rc8
37.Rd7 Qe8 38.Re7 Qd8 39.Qxa6 Qd5 40.Qb7 Qb3 41.Rc7 Rxc7 42.Qxc7 Qxb2 43.h4 Qe2
44.hxg5 Qe3+ 45.Kh2 Qxg5 46.Rf3 Bh7 47.Rg3 Qh5+ 48.Rh3 Qg6 49.Bf4 Rg8 50.Qb7 h5
51.Qd5 b4 52.Rg3  1-0

[Event "ch-VIE Men 2012"]
[Site "Can Tho VIE"]
[Date "2012.03.23"]
[Round "8"]
[White "Bui Vinh"]
[Black "Nguyen Hoang Nam1"]
[Result "1-0"]
[WhiteElo "2463"]
[BlackElo "2361"]

1.d4 Nf6 2.Bg5 e6 3.e4 h6 4.Bxf6 Qxf6 5.c3 d6 6.Bd3 Nd7 7.Ne2 e5 8.O-O Qd8
9.f4 Be7 10.Nd2 O-O 11.Kh1 Nf6 12.Nf3 exf4 13.Nxf4 c6 14.Bc2 Re8 15.Qd3 d5
16.exd5 Bd6 17.Nh5 Nxh5 18.Qh7+ Kf8 19.Rae1 f5 20.Rxe8+ Qxe8 21.Re1 Qd7 22.dxc6 Qxc6
23.Qh8+ Kf7 24.Bb3+ Kg6 25.Qg8 Qd7 26.Be6 Nf6 27.Bf7+ Qxf7 28.Nh4+ Kg5 29.Qxf7 Kxh4
30.Qxg7 Ng4 31.h3 Bg3 32.Re2 Nf2+ 33.Rxf2  1-0

[Event "TCh-CAT 2012"]
[Site "Catalunya ESP"]
[Date "2012.03.24"]
[Round "9.6"]
[White "Canal Oliveras,J"]
[Black "Vehi Bach,V"]
[Result "1/2-1/2"]
[WhiteElo "2237"]
[BlackElo "2358"]

1.d4 Nf6 2.Bg5 e6 3.Nd2 h6 4.Bh4 c5 5.e3 cxd4 6.exd4 Be7 7.Ngf3 b6 8.c3 O-O
9.a4 Ba6 10.Bb5 Bb7 11.O-O Nd5 12.Bg3 d6 13.Qe2 Nd7 14.Ne4 N7f6 15.Nxf6+ Nxf6
16.Nd2 g6 17.Bd3 Kg7 18.a5 Nh5 19.Ra2 Qc7 20.Rfa1 Nxg3 21.hxg3 h5 22.Ba6 Bd5
23.c4 Bc6 24.axb6 axb6 25.b4 Bf6 26.Qd3 Ra7 27.Ne4 Bxe4 28.Qxe4 d5 29.cxd5 exd5
30.Qxd5 Rd8 31.Qc4 Qxc4 32.Bxc4 Rxa2 33.Rxa2 Rxd4 34.Rc2 Be7 35.b5 Bc5 36.Kf1 h4  1/2-1/2

[Event "ch-SRB Women 2012"]
[Site "Kac SRB"]
[Date "2012.03.25"]
[Round "4"]
[White "Rakic,Ma"]
[Black "Djukic,Sa"]
[Result "1/2-1/2"]
[WhiteElo "2270"]
[BlackElo "2203"]

1.d4 Nf6 2.Bg5 e6 3.Nf3 c5 4.e3 h6 5.Bxf6 Qxf6 6.Nbd2 d5 7.Bb5+ Bd7 8.Qe2 a6
9.Bxd7+ Nxd7 10.e4 Be7 11.exd5 exd5 12.O-O O-O 13.Rfe1 Bd6 14.c3 b5 15.dxc5 Nxc5
16.Nf1 Ne6 17.Ne3 d4 18.cxd4 Nxd4 19.Nxd4 Qxd4 20.Nf5 Qf6 21.Nxd6 Qxd6 22.Rad1 Qc6
23.Rc1 Qd5 24.a3 Rac8 25.g3 Qa8 26.Qd3 Rfd8 27.Rxc8 Qxc8 28.Qf3 Re8 29.Rd1 Rd8  1/2-1/2

[Event "13th EICC"]
[Site "Plovdiv BUL"]
[Date "2012.03.29"]
[Round "9.158"]
[White "Medancic,R"]
[Black "Ljangov,P"]
[Result "0-1"]
[WhiteElo "2252"]
[BlackElo "2089"]

1.d4 Nf6 2.Bg5 e6 3.Nd2 d6 4.Ngf3 Be7 5.e3 O-O 6.Bd3 Nbd7 7.c3 Nd5 8.Bxe7 Qxe7
9.Qc2 h6 10.O-O-O c5 11.e4 Nf4 12.Bf1 cxd4 13.Nxd4 a6 14.g3 Ng6 15.Kb1 Nge5
16.h3 Nc6 17.Nc4 Nce5 18.Ne3 Nb6 19.f4 Nc6 20.Qd2 Rd8 21.e5 d5 22.Be2 Bd7
23.g4 Rac8 24.Nf3 Na4 25.Bd3 Nc5 26.Bc2 Ne4 27.Qg2 Qc5 28.Nd4 Nxd4 29.Rxd4 Qe7
30.h4 Be8 31.h5 f6 32.exf6 Qxf6 33.Qh2 Rxc3 34.Rxe4 Rxc2 35.Qxc2 dxe4 36.f5 Bb5
37.Ka1 exf5 38.Nxf5 Bc6 39.Rf1 Qe5 40.a3 Rd7 41.Qf2 Bb5 42.Re1 Bc4 43.Qc2 Be6
44.Qc8+ Kh7 45.Qc3 Qxc3 46.bxc3 Bxf5 47.gxf5 Rf7 48.Rxe4 Rxf5 49.Rh4 g6 50.hxg6+ Kxg6
51.a4 Kg5 52.Rc4 Rf4 53.Rc5+ Kg4 54.a5 h5 55.Kb2 h4 56.Rc7 Rf5 57.Rxb7 Rxa5
58.c4 h3 59.Rg7+ Rg5 60.Rh7 Rh5 61.Rg7+ Kf3 62.Rf7+ Ke2 63.Re7+ Kd3  0-1

[Event "35th San Sebastian Open"]
[Site "Donostia ESP"]
[Date "2012.04.04"]
[Round "6"]
[White "Thakur,Ak"]
[Black "Pogorelov,R"]
[Result "1-0"]
[WhiteElo "2299"]
[BlackElo "2426"]

1.d4 Nf6 2.Bg5 e6 3.e4 h6 4.Bxf6 Qxf6 5.Nc3 d6 6.Qd2 g5 7.h4 g4 8.f4 gxf3
9.Nxf3 a6 10.O-O-O Qe7 11.Be2 Nd7 12.e5 d5 13.Nh2 f5 14.Bh5+ Kd8 15.g4 fxg4
16.Nxg4 Nb6 17.Rdf1 Nc4 18.Qf4 Kd7 19.Nf6+ Kd8 20.Nfxd5 exd5 21.Nxd5 Qe6
22.Qxf8+ Rxf8 23.Rxf8+ Kd7 24.Be8+ Qxe8 25.Nf6+  1-0

[Event "Semana Santa LAB Open"]
[Site "Bogota COL"]
[Date "2012.04.05"]
[Round "4"]
[White "Ordinola Capcha,J"]
[Black "Contreras,Henry Esteban"]
[Result "1-0"]
[WhiteElo "2045"]
[BlackElo "1879"]

1.d4 Nf6 2.Bg5 e6 3.Nf3 h6 4.Bh4 Be7 5.e3 b6 6.c4 Bb7 7.Nc3 Ne4 8.Bxe7 Qxe7
9.Bd3 Nxc3 10.bxc3 f5 11.O-O d6 12.a4 a5 13.Nd2 O-O 14.Qh5 Qf6 15.f4 Nd7
16.Rae1 Qf7 17.Qe2 Bc6 18.Bc2 Nf6 19.e4 d5 20.exf5 exf5 21.Bxf5 Rae8 22.Be6 Rxe6
23.Qxe6 Qxe6 24.Rxe6 Bxa4 25.Ra1 Bc2 26.Rc6 Rf7 27.c5 bxc5 28.Rxa5 c4 29.Ra8+ Kh7
30.Re6 Ng4 31.g3 Bf5 32.Ree8 Bd7 33.Rh8+ Kg6 34.h3 Ne3 35.Nf3 Re7 36.g4 Nd1
37.Raf8 Nxc3 38.Nh4+  1-0

[Event "Karposh Open 2012"]
[Site "Skopje MKD"]
[Date "2012.04.07"]
[Round "1.22"]
[White "Okilj,T"]
[Black "Djukic,Ni"]
[Result "0-1"]
[WhiteElo "2083"]
[BlackElo "2513"]

1.d4 Nf6 2.Bg5 e6 3.e4 h6 4.Bxf6 Qxf6 5.Nc3 d6 6.Qd2 g5 7.O-O-O Bg7 8.h4 a6
9.hxg5 hxg5 10.Rxh8+ Bxh8 11.Nf3 g4 12.e5 Qe7 13.Qh6 Qf8 14.Qxf8+ Kxf8 15.Nh2 g3
16.fxg3 dxe5 17.dxe5 Ke7 18.Nf3 Nd7 19.Re1 b5 20.Bd3 Bb7 21.Be4 c6 22.Bh7 Bg7
23.g4 Rh8 24.Bd3 c5 25.Be4 Bxe4 26.Nxe4 Nxe5 27.Nxc5 Rc8 28.Nxe5 Rxc5 29.Nf3 Rc4
30.g5 Rg4 31.Re2 b4 32.Kb1 Kd6 33.Nd2 Kd5 34.Nf3 e5 35.a3 bxa3 36.bxa3 e4
37.Nd2 Bf8 38.Ka2 Be7 39.Rf2 e3 40.Rxf7 exd2  0-1

[Event "Pobeskydi Open 2012"]
[Site "Frydek Mistek CZE"]
[Date "2012.04.09"]
[Round "9"]
[White "Trombik,K"]
[Black "Jaroch,P"]
[Result "1/2-1/2"]
[WhiteElo "1989"]
[BlackElo "2252"]

1.d4 Nf6 2.Bg5 e6 3.e4 d6 4.Nd2 h6 5.Bh4 Be7 6.f4 e5 7.dxe5 dxe5 8.fxe5 Ng4
9.Bxe7 Qxe7 10.Qe2 Nxe5 11.O-O-O Nbc6 12.Ngf3 Bd7 13.Nxe5 Nxe5 14.Nf3 O-O-O
15.Qe3 Kb8 16.Bd3 Rhe8 17.Rhe1 Bg4 18.Rd2 Rd6 19.Nxe5 Qxe5 20.h3 Be6 21.a3 Red8
22.Rf2 Rb6 23.c3 Rdd6 24.Bb1 a6 25.Qf4 Rb5 26.Qe3 f6 27.Rd2 Qg5 28.Bd3 Re5
29.Kc2 Qxe3 30.Rxe3 f5 31.Rf2 g5 32.Ree2 f4 33.c4 c5 34.Kc3 Kc7 35.b4 b6
36.Re1 Bc8 37.bxc5 bxc5 38.h4 Bb7 39.hxg5 hxg5 40.g3 fxg3 41.Rg2 Rde6 42.Rxg3 Bxe4  1/2-1/2

[Event "Karposh Open 2012"]
[Site "Skopje MKD"]
[Date "2012.04.12"]
[Round "7.68"]
[White "Mihtis,T"]
[Black "Franca,Veronika"]
[Result "0-1"]
[WhiteElo "1746"]
[BlackElo "1863"]

1.d4 Nf6 2.Bg5 e6 3.e3 c5 4.c3 Nc6 5.Nd2 d5 6.Bd3 Be7 7.h3 O-O 8.Ngf3 cxd4
9.exd4 a6 10.Ne5 Bd7 11.g4 Ne8 12.Qc2 g6 13.Ndf3 Rc8 14.Qe2 Bf6 15.Qe3 Nxe5
16.dxe5 Bg7 17.h4 f6 18.h5  0-1

[Event "Karposh Open 2012"]
[Site "Skopje MKD"]
[Date "2012.04.12"]
[Round "7.40"]
[White "Minas,I"]
[Black "Vukovic,Ivo"]
[Result "1/2-1/2"]
[WhiteElo "1930"]
[BlackElo "2229"]

1.d4 Nf6 2.Bg5 e6 3.e3 b6 4.Nf3 Bb7 5.Bd3 Be7 6.Nbd2 d5 7.O-O Nbd7 8.c3 O-O
9.Qe2 c5 10.Rac1 Re8 11.Ne5 Nxe5 12.dxe5 Nd7 13.Bf4 Qc7 14.e4 Nf8 15.Bg3 Red8
16.exd5 Bxd5 17.c4 Bb7 18.f4 Qd7 19.Rc3 f5 20.exf6 Bxf6 21.Rb3 Re8 22.Nf3  1/2-1/2

[Event "18th Metropolitan IM"]
[Site "Los Angeles USA"]
[Date "2012.04.14"]
[Round "7"]
[White "Duckworth,W"]
[Black "Manukian,G"]
[Result "1/2-1/2"]
[WhiteElo "2317"]
[BlackElo "2279"]

1.d4 Nf6 2.Bg5 e6 3.e4 h6 4.Bxf6 Qxf6 5.Nf3 d5 6.e5 Qd8 7.c3 c5 8.a3 Qb6
9.b4 cxb4 10.cxb4 Bd7 11.Nc3 Be7 12.Be2 O-O 13.O-O Nc6 14.Na4 Qd8 15.Re1 Qe8
16.Nc5 a5 17.b5 Nb8 18.a4 Bc8 19.Rc1 Nd7 20.Nxd7 Bxd7 21.Bd3 Rc8 22.Re2 Ba3
23.Rxc8 Qxc8 24.Qa1 Qc1+ 25.Qxc1 Bxc1 26.Rc2 Rc8 27.Rxc8+ Bxc8 28.Kf1 Kf8
29.Ke2 b6 30.Kd1 Ba3 31.Ne1 Ke7 32.Kc2 Bb4 33.Kd1 Bxe1 34.Kxe1 f5 35.f4 Bd7
36.Kf2 g6 37.g4 Kf7 38.Kg3 Kg7 39.Kh4 Be8 40.h3 Bf7 41.Kg3 Be8 42.h4 h5  1/2-1/2

[Event "TCh-HUN 2011-12"]
[Site "Budapest HUN"]
[Date "2012.04.16"]
[Round "8"]
[White "Hoang Thanh Trang"]
[Black "Prohaszka,P2"]
[Result "1/2-1/2"]
[WhiteElo "2446"]
[BlackElo "2553"]

1.d4 Nf6 2.Bg5 e6 3.e4 h6 4.Bxf6 Qxf6 5.c3 d6 6.Bd3 e5 7.Ne2 g6 8.O-O Bg7
9.f4 exd4 10.Nxd4 O-O 11.Nd2 Nd7 12.Bc2 Nc5 13.f5 g5 14.Nc4 Nd7 15.Ne3 Qd8
16.Qf3 Nf6 17.Rad1 Re8 18.Rfe1 Bd7 19.Ng4 Bc6  1/2-1/2

[Event "Grand Congress Open"]
[Site "Bournemouth ENG"]
[Date "2012.04.21"]
[Round "3.12"]
[White "Ellis,Daniel"]
[Black "Brown,Mart"]
[Result "1/2-1/2"]
[WhiteElo "2097"]
[BlackElo "2183"]

1.d4 Nf6 2.Bg5 e6 3.e4 h6 4.Bxf6 Qxf6 5.c3 d6 6.Bd3 Nc6 7.Ne2 g6 8.O-O Bd7
9.Nd2 O-O-O 10.a4 e5 11.d5 Ne7 12.b4 Qg7 13.b5 f5  1/2-1/2

[Event "Russian Juniors 2012"]
[Site "Sochi RUS"]
[Date "2012.04.23"]
[Round "6"]
[White "Shimanov,A"]
[Black "Nozdrachev,V"]
[Result "1/2-1/2"]
[WhiteElo "2591"]
[BlackElo "2449"]

1.d4 Nf6 2.Bg5 e6 3.Nd2 c5 4.e3 Be7 5.Bd3 cxd4 6.exd4 b6 7.Ne2 Nc6 8.O-O Bb7
9.c3 O-O 10.Nf3 d6 11.Ng3 e5 12.Nf5 Nd5 13.Be4 Bxg5 14.Bxd5 Bf6 15.dxe5 dxe5
16.Nd6 Qc7 17.Nxb7 Qxb7 18.Qa4 Rac8 19.Rfe1 Rfe8 20.Rad1 g6 21.Nd4 exd4 22.Rxe8+ Rxe8
23.Bxc6 b5 24.Bxb5 Rb8 25.c4 a6 26.Bxa6 Qxb2 27.c5 Rb4 28.Qc6 Kg7 29.Qd5 Qc2
30.Rf1 Ra4 31.Bb5 Qxa2 32.Qd7 Ra7 33.Qd6 Ra3 34.c6 Rc3 35.g3 Qb3 36.Ba6 Qc2
37.Bb5 d3 38.c7 d2 39.Be2 Rxc7 40.Rd1 Re7 41.Rxd2 Qc7  1/2-1/2

[Event "ch-LTU 2012"]
[Site "Vilnius LTU"]
[Date "2012.04.27"]
[Round "7"]
[White "Dambrauskas,V"]
[Black "Kveinys,A"]
[Result "1/2-1/2"]
[WhiteElo "2307"]
[BlackElo "2512"]

1.d4 Nf6 2.Bg5 e6 3.e3 c5 4.c3 cxd4 5.exd4 b6 6.Nd2 Bb7 7.Ngf3 Be7 8.Bd3 d6
9.O-O Nbd7 10.Re1 O-O 11.a4 a6 12.Nc4 Re8 13.Nfd2 Qc7 14.Re3 Bf8 15.a5 bxa5
16.Nxa5 h6 17.Bh4 Reb8 18.Nxb7 Rxb7 19.Ra2 a5 20.Nc4 Rba7  1/2-1/2

[Event "3rd Royal Residence Cup"]
[Site "Zhovkva UKR"]
[Date "2012.04.29"]
[Round "8"]
[White "Jurcik,Mart"]
[Black "Meleshko,V"]
[Result "1/2-1/2"]
[WhiteElo "2348"]
[BlackElo "2308"]

1.d4 Nf6 2.Bg5 e6 3.e4 Be7 4.Nd2 b6 5.Ngf3 O-O 6.Bd3 Ba6 7.Bxa6 Nxa6 8.O-O d5
9.e5 Nd7 10.Bxe7 Qxe7 11.Qe2 Nab8 12.c4 c5 13.cxd5 exd5 14.dxc5 bxc5 15.Qb5 Qe6
16.Rfe1 h6 17.b4 a6 18.Qa4 cxb4 19.Nb3  1/2-1/2

[Event "8th World Schools U17"]
[Site "Iasi ROU"]
[Date "2012.05.03"]
[Round "6.7"]
[White "Lamahewa,C"]
[Black "Marinescu,S"]
[Result "0-1"]
[WhiteElo "1837"]
[BlackElo "1970"]

1.d4 Nf6 2.Bg5 e6 3.Bxf6 Qxf6 4.e3 c5 5.Nf3 d5 6.Be2 Nc6 7.O-O Bd6 8.c3 O-O
9.Na3 cxd4 10.Nb5 Bb8 11.cxd4 a6 12.Nc3 Bd6 13.a3 Na5 14.e4 dxe4 15.Nxe4 Qe7
16.Nxd6 Qxd6 17.Qd3 h6 18.Bd1 Nc6 19.Bc2 g6 20.Rfe1 Rd8 21.Rad1 b5 22.h4 h5
23.Qe3 Ra7 24.Ng5 Re8 25.Ne4 Qe7 26.Qf4 Kg7 27.Ng3 Rd7 28.Re3 Rh8 29.d5 e5
30.Qf3 Na5 31.Bf5 Rd6 32.Bxc8 Rxc8 33.Ne4  0-1

[Event "MMM Open 2012"]
[Site "Krakow POL"]
[Date "2012.05.03"]
[Round "6.9"]
[White "Wodzislawski,M"]
[Black "Kosturkiewicz,J"]
[Result "1/2-1/2"]
[WhiteElo "2014"]
[BlackElo "2012"]

1.d4 Nf6 2.Bg5 e6 3.c3 Be7 4.Nd2 d5 5.e3 Nbd7 6.Bd3 Nf8 7.Rc1 Ng6 8.Ngf3 h6
9.Bxf6 Bxf6 10.Bxg6 fxg6 11.Qc2 Kf7 12.O-O  1/2-1/2

[Event "Copenhagen Chess Challenge 2012"]
[Site "Ballerup DEN"]
[Date "2012.05.04"]
[Round "4"]
[White "Thuesen,M"]
[Black "Haubro,M"]
[Result "1-0"]
[WhiteElo "2242"]
[BlackElo "2092"]

1.d4 Nf6 2.Bg5 e6 3.e4 h6 4.Bxf6 Qxf6 5.c3 d6 6.Bd3 g6 7.Ne2 Bg7 8.O-O O-O
9.f4 Nc6 10.Nd2 Qe7 11.e5 b6 12.Nf3 f5 13.exf6 Qxf6 14.Be4 Bb7 15.Qc2 Kh7
16.h4 Na5 17.Bd3 Bxf3 18.Rxf3 Qxh4 19.Bxg6+ Kh8 20.Qe4 Qf6 21.Ng3 Nc4 22.Nh5 Qe7
23.Qe2 d5 24.b3 Nd6 25.Re1 Qh4 26.Rh3  1-0

[Event "Asian Continental 2012"]
[Site "Ho Chi Minh City VIE"]
[Date "2012.05.10"]
[Round "6.26"]
[White "Nguyen Van Hai"]
[Black "Deepan,C"]
[Result "0-1"]
[WhiteElo "2341"]
[BlackElo "2461"]

1.d4 Nf6 2.Bg5 e6 3.e4 h6 4.Bxf6 Qxf6 5.c3 d6 6.Bd3 Nc6 7.Ne2 Bd7 8.Nd2 h5
9.b4 g5 10.a4 g4 11.a5 a6 12.O-O Bh6 13.f4 gxf3 14.Nxf3 Qg7 15.b5 Rg8 16.g3 axb5
17.Bxb5 h4 18.d5 hxg3 19.hxg3 Ne5 20.Bxd7+ Nxd7 21.Qb3 Nc5 22.Qb5+ Ke7 23.dxe6 fxe6
24.Ra2 Be3+ 25.Kg2 Bf4 26.Rg1 Bxg3 27.a6 Bh2+ 28.Kf1 Bxg1 29.Nexg1  0-1

[Event "85th ch-St Petersburg"]
[Site "St Petersburg RUS"]
[Date "2012.05.10"]
[Round "6"]
[White "Sichinava,Z"]
[Black "Fedoseev,Vl3"]
[Result "1-0"]
[WhiteElo "2308"]
[BlackElo "2546"]

1.d4 Nf6 2.Bg5 e6 3.e3 h6 4.Bh4 c5 5.c3 cxd4 6.exd4 Be7 7.Nd2 b6 8.Bd3 Bb7
9.Bxf6 Bxf6 10.Ngf3 d6 11.Qe2 Nd7 12.h4 O-O 13.O-O-O e5 14.dxe5 Re8 15.Nc4 Bxf3
16.Qxf3 Nxe5 17.Qe4 Nxd3+ 18.Qxd3 d5 19.Ne3 Bxh4 20.g3 d4 21.cxd4 Be7 22.Kb1 a5
23.f4 a4 24.g4 a3 25.g5 axb2 26.gxh6 Ra3 27.Qf5 g6 28.Rdg1 Bf6 29.Nc2 Rc3
30.Rh3 Kh7 31.Qxf6 Qxf6 32.Rxc3 Qxf4 33.Rd1 g5 34.d5 g4 35.d6 g3 36.d7 Rd8
37.Ne3 g2 38.Nxg2 Qg4 39.Ne3 Qe6 40.Rcd3 f5 41.Nd5 f4 42.Nxf4 Qf5 43.Nd5 Kxh6
44.Nxb6 Qg6 45.a4 Kg7 46.a5 Qf5 47.Kxb2 Qe5+ 48.Rd4 Qb5+ 49.Kc2 Kf6 50.Rd5 Qe2+
51.Kb3 Qe6 52.Kb4 Qe2 53.R1d3 Qb2+ 54.Kc5 Qc2+ 55.Kb5 Kf7 56.a6 Qc7 57.Rc5 Qf4
58.a7 Qf1 59.Rd5 Ke7 60.Nc8+ Ke6 61.a8=Q Qb1+ 62.Ka6  1-0

[Event "85th ch-St Petersburg"]
[Site "St Petersburg RUS"]
[Date "2012.05.11"]
[Round "7"]
[White "Shimanov,A"]
[Black "Yevseev,D"]
[Result "0-1"]
[WhiteElo "2600"]
[BlackElo "2529"]

1.d4 Nf6 2.Bg5 e6 3.Nd2 c5 4.e3 h6 5.Bh4 b6 6.Ngf3 Bb7 7.Bd3 Be7 8.O-O cxd4
9.exd4 O-O 10.a4 Nc6 11.Re1 Nd5 12.Bxe7 Ncxe7 13.a5 f5 14.c3 Ng6 15.Bf1 Qc7
16.Ne5 Nxe5 17.dxe5 Nf4 18.Qa4 g5 19.Qd4 b5 20.c4 b4 21.a6 Bc6 22.Qc5 Rab8
23.Nb3 Rfc8 24.Qe3 Ng6 25.Nd4 Ba8 26.Rad1 Qc5 27.Qe2 Nf4 28.Qd2 Rb6 29.Nb3 Qc6
30.Nd4 Qc5 31.h4 Qe7 32.hxg5 hxg5 33.Re3 Ng6 34.Nb5 Rxa6 35.Nd6 Rb8 36.c5 Rc6
37.Qd4 Rc7 38.Bc4 Rf8 39.Bb3 a5 40.Ra1 Nf4 41.f3 Qh7 42.Rxa5 Kg7 43.Re1 Rh8
44.Rxa8 Rxa8 45.Nb5 Ra1 46.Qd2 Rxe1+ 47.Qxe1 Rxc5 48.Nd6 Rc1 49.Bd1 Qh4 50.Qd2 Nd3  0-1

[Event "Asian Continental 2012"]
[Site "Ho Chi Minh City VIE"]
[Date "2012.05.12"]
[Round "8.27"]
[White "Torre,E"]
[Black "Novita,A"]
[Result "1/2-1/2"]
[WhiteElo "2496"]
[BlackElo "2304"]

1.d4 Nf6 2.Bg5 e6 3.e4 h6 4.Bxf6 Qxf6 5.c3 c5 6.e5 Qd8 7.d5 Qb6 8.dxe6 dxe6
9.Na3 Be7 10.Nf3 O-O 11.Nc4 Qc6 12.a4 b6 13.Bd3 Bb7 14.O-O Qc7 15.Re1 Nc6
16.Qe2 Rfd8 17.Qe4 g6 18.Qe3 Bf8 19.h4 Ne7 20.Nfd2 Bg7 21.Be4 Bd5 22.h5 g5
23.f4 gxf4 24.Qxf4 f6 25.Bxd5 exd5 26.Nd6 Rf8 27.Nb5 Qc6 28.e6 Rfd8 29.Re3 a6
30.Rg3 Kh8 31.Rf1 Ng8 32.Qg4 Qb7 33.Na3 d4 34.Nf3 Rd5 35.c4 Rg5 36.Nxg5 fxg5
37.Rf7 Qb8 38.Rgf3 Qe5 39.Qf5 Qxf5 40.R3xf5 Re8 41.Rb7 d3 42.Nb1 Bd4+ 43.Kf1 Nf6
44.Rxb6 Nxh5 45.Rf7 Nf4 46.e7 Bg7 47.Rb7 Ng6 48.Nd2 Kg8 49.Rf3 Nxe7 50.Rxd3 Nf5
51.Rdd7 Bd4 52.Ne4 Ne3+ 53.Ke2 Nxg2 54.Kd2 Be5 55.Nxc5 g4 56.Nd3 Bf6 57.c5 Ne3
58.Nf4 Nc4+ 59.Kc2 Ne5 60.Rd6 Bg5 61.Nh5 Rc8 62.b4 a5 63.Re6 Nc6 64.Rg6+ Kf8
65.Ng7 Ne7 66.Ne6+ Kf7 67.Rxg5 hxg5 68.Nxg5+ Ke8 69.Ne4 Nf5 70.Nf6+ Kf8 71.Nxg4 axb4
72.Kb3 Rxc5 73.Kxb4 Rc1 74.Rd7 Ne7 75.Ne5 Ke8 76.Rd2 Re1 77.Nc4 Nc6+ 78.Kc5 Re6
79.Rh2 Kd8 80.Kd5 Rg6 81.Rh7 Nb4+ 82.Kc5 Na6+ 83.Kb5 Nc7+ 84.Ka5 Kc8 85.Nb6+ Kb7
86.Nd5 Rc6 87.Kb4 Kb8 88.Ne7 Re6 89.Kc5 Na6+ 90.Kc4 Re4+ 91.Kb5 Nc7+ 92.Kc6 Re6+
93.Kd7 Re1 94.Nc6+ Kb7 95.Na5+ Ka6 96.Nc4 Nd5 97.Kc6 Nb6  1/2-1/2

[Event "Asian Continental 2012"]
[Site "Ho Chi Minh City VIE"]
[Date "2012.05.12"]
[Round "8.31"]
[White "Nguyen Van Hai"]
[Black "Tran Quoc Dung"]
[Result "1-0"]
[WhiteElo "2341"]
[BlackElo "2303"]

1.d4 Nf6 2.Bg5 e6 3.e3 h6 4.Bh4 c5 5.c3 Be7 6.Nd2 b6 7.Ngf3 Bb7 8.a4 O-O
9.Bd3 cxd4 10.exd4 Nd5 11.Bxe7 Qxe7 12.g3 Nc6 13.O-O f5 14.Qe2 a5 15.Rae1 Rae8
16.Nc4 d6 17.Nh4 Qd7 18.Qh5 Nf6 19.Qd1 Ne7 20.f3 g5 21.Ng2 Nc8 22.Qb3 Bc6
23.Bxf5 Bxa4 24.Qa2 Qb5 25.Bxe6+ Rxe6 26.Rxe6 Qb3 27.Qb1 Kf7 28.Qf5 Kg7 29.Rxf6 Rxf6
30.Qxc8 Rf8 31.Qe6 Re8 32.Qd5 b5 33.Qb7+ Kg6 34.Nxd6 Re2 35.d5  1-0

[Event "30th Liechtenstein Open 2012"]
[Site "Triesen LIE"]
[Date "2012.05.14"]
[Round "4.19"]
[White "Peredy,F"]
[Black "Van Melsen,Raymond"]
[Result "1-0"]
[WhiteElo "2156"]
[BlackElo "1843"]

1.d4 Nf6 2.Bg5 e6 3.e4 Be7 4.Bd3 d6 5.f4 Nbd7 6.Nf3 a6 7.Qe2 b6 8.c4 h6 9.Bh4 Bb7
10.O-O Ng8 11.Bg3 Ngf6 12.h3 Nh7 13.Nc3 O-O 14.e5 d5 15.cxd5 exd5 16.Qc2 g6
17.Rae1 Kh8 18.e6 Ndf6 19.Ne5 Ne4 20.Nxe4 dxe4 21.Bxe4 Bxe4 22.Rxe4 Nf6 23.exf7 Nxe4
24.Qxe4 Qxd4+ 25.Qxd4 Bc5 26.Nxg6+ Kh7 27.Nxf8+ Rxf8 28.Qxc5 bxc5 29.Rc1  1-0

[Event "85th ch-St Petersburg"]
[Site "St Petersburg RUS"]
[Date "2012.05.15"]
[Round "11"]
[White "Sichinava,Z"]
[Black "Rozum,I"]
[Result "1/2-1/2"]
[WhiteElo "2308"]
[BlackElo "2477"]

1.d4 Nf6 2.Bg5 e6 3.Nd2 h6 4.Bh4 d6 5.Ngf3 g5 6.Bg3 Nh5 7.e4 Bg7 8.c3 Qe7
9.Bd3 f5 10.Ng1 Nf6 11.f4 O-O 12.Nh3 g4 13.Nf2 d5 14.exf5 exf5+ 15.Qe2 Qxe2+
16.Bxe2 b6 17.Bh4 c5 18.dxc5 bxc5 19.O-O-O Be6 20.Nb3 Rc8 21.Rhe1 Kf7 22.Na5 c4
23.Nb7 Bf8 24.Bxc4 Nbd7 25.Bb5 a5 26.Nd3 Rab8 27.Bxd7 Nxd7 28.Nxa5 d4 29.a3 Rb5
30.Ne5+ Nxe5 31.Rxe5 Rxe5 32.fxe5 dxc3 33.b4 c2 34.Rd2 Rc3 35.Nb7 Bb3 36.Nd6+ Bxd6
37.exd6 Ba4 38.b5 Rxa3 39.Rxc2 Bxc2 40.d7 Rd3 41.d8=Q  1/2-1/2

[Event "TCh-HUN 2011-12"]
[Site "Paks HUN"]
[Date "2012.05.20"]
[Round "11"]
[White "Acs,Peter"]
[Black "Horvath,Ad1"]
[Result "1/2-1/2"]
[WhiteElo "2587"]
[BlackElo "2473"]

1.d4 Nf6 2.Bg5 e6 3.Nd2 h6 4.Bh4 c5 5.e3 d5 6.Ngf3 Nc6 7.c3 Be7 8.dxc5 Bxc5
9.Bd3 O-O 10.O-O b6 11.Qe2 Be7 12.Rfd1 Bb7 13.e4 Nxe4 14.Bxe7 Qxe7 15.Nxe4 dxe4
16.Qxe4 g6 17.Qe3 Kg7 18.Rd2 Rad8 19.Rad1 Rd7 20.b4 Rfd8 21.h3 Qf6 22.Be4 Rxd2
23.Rxd2 Rxd2 24.Qxd2 Qd8 25.Kf1 Ba6+ 26.Ke1 Qc7 27.c4 Ne5 28.c5 Nxf3+ 29.Bxf3 Qe5+
30.Qe3 Qa1+ 31.Bd1 bxc5 32.Qxc5 Qxa2 33.Qe5+ Kh7 34.Qc7 e5 35.Qxa7 Qc4 36.Qc5 Qe4+
37.Kd2 Qxg2 38.h4 Qh2 39.h5 gxh5 40.b5 Bb7 41.Qe3 e4 42.Qg3 Qxg3 43.fxg3 Kg6
44.Ke3 Kg5 45.Bb3 f5 46.Bd1 Bc8 47.b6 h4 48.gxh4+ Kxh4 49.Kf4 Kh3 50.Bh5 e3
51.Bf3 Ba6 52.Be2 Bb7 53.Bf3 Bc8 54.Kxe3 Kg3 55.b7 f4+ 56.Ke2 Bxb7 57.Bxb7 f3+
58.Bxf3 h5 59.Bxh5  1/2-1/2